NBA 2K21 All-Time Teams - Statistics

General Stats
  • This quiz has been taken 161 times
  • The average score is 97 of 150
Answer Stats
Team Pos/Rating Player % Correct
76ers SG 97 Allen Iverson
97%
Cavaliers SF 99 LeBron James
97%
Heat SF 99 LeBron James
97%
Heat SG 97 Dwyane Wade
95%
Bucks PF 96 Giannis Antetokounmpo
93%
Cavaliers SG 94 Kyrie Irving
93%
76ers SF 94 Julius Erving
92%
Nets SF 97 Julius Erving
92%
Bucks C 99 Kareem Abdul-Jabbar
92%
Lakers PF 96 Kareem Abdul-Jabbar
92%
Bulls SG 99 Michael Jordan
92%
76ers PF 97 Moses Malone
92%
Jazz PF 97 Karl Malone
91%
Heat C 89 Shaquille O'Neal
91%
Lakers C 98 Shaquille O’Neal
91%
Magic C 93 Shaquille O’Neal
91%
Spurs PF 98 Tim Duncan
91%
Warriors PG 97 Stephen Curry
90%
Lakers PG 99 Magic Johnson
89%
Bulls SF 97 Scottie Pippen
89%
Knicks SF 92 Carmelo Anthony
88%
Nuggets PF 95 Carmelo Anthony
88%
Thunder/Sonics PF 97 Kevin Durant
88%
76ers C 93 Wilt Chamberlain
88%
Warriors C 98 Wilt Chamberlain
88%
Clippers PG 93 Chris Paul
87%
Pelicans PG 97 Chris Paul
87%
Bulls PF 93 Dennis Rodman
87%
Lakers SG 97 Jerry West
87%
Timberwolves C 98 Kevin Garnett
87%
Warriors SG 91 Klay Thompson
87%
Jazz PG 97 John Stockton
86%
Celtics PF 98 Larry Bird
86%
Spurs PG 94 Tony Parker
86%
Nuggets SG 95 David Thompson
85%
Clippers SG 95 Kawhi Leonard
85%
Raptors PF 97 Kawhi Leonard
85%
Spurs SF 94 Kawhi Leonard
85%
Lakers SF 98 Kobe Bryant
85%
Bucks PG 96 Oscar Robertson
85%
Kings PG 98 Oscar Robertson
85%
Spurs C 96 David Robinson
84%
Bulls PG 96 Derrick Rose
84%
Pelicans C 94 Anthony Davis
83%
Pelicans SG 92 Baron Davis
83%
Celtics C 98 Bill Russell
83%
Rockets PG 96 James Harden
83%
Suns SG 90 Walter Davis
83%
Raptors C 90 Chris Bosh
82%
Trail Blazers PG 92 Damian Lillard
82%
Mavericks PF 98 Dirk Nowitzki
82%
Nets PG 96 Jason Kidd
82%
Pacers SG 93 Paul George
82%
Thunder/Sonics SF 95 Ray Allen
82%
Suns PG 97 Steve Nash
82%
Raptors SF 96 Vince Carter
82%
Thunder/Sonics SG 95 Russell Westbrook
81%
Grizzlies SG 85 Tony Allen
81%
Grizzlies C 93 Marc Gasol
79%
Grizzlies PF 93 Pau Gasol
79%
Heat PF 94 Alonzo Mourning
78%
Hornets C 89 Alonzo Mourning
78%
Rockets PF 98 Hakeem Olajuwon
78%
Wizards PG 90 John Wall
78%
Hornets PF 88 Larry Johnson
78%
Knicks C 95 Patrick Ewing
78%
Bucks SF 92 Marques Johnson
77%
Rockets SF 93 Clyde Drexler
76%
Trail Blazers SF 97 Clyde Drexler
76%
Pistons PG 96 Isiah Thomas
76%
Hornets PG 89 Kemba Walker
76%
Clippers PF 90 Blake Griffin
75%
Timberwolves PF 92 Kevin Love
75%
Heat PG 89 Tim Hardaway
75%
Thunder/Sonics PG 95 Gary Payton
74%
Magic PG 95 Penny Hardaway
74%
Celtics SF 94 Paul Pierce
73%
Celtics PG 96 Bob Cousy
71%
Hawks SF 95 Dominique Wilkins
71%
Magic SG 95 Tracy McGrady
71%
Rockets SG 92 Tracy McGrady
71%
Raptors PG 89 Kyle Lowry
70%
Pacers PF 91 Jermaine O’Neal
67%
Pistons PF 89 Ben Wallace
66%
Trail Blazers C 95 Bill Walton
66%
Spurs SG 95 George Gervin
66%
Celtics SG 96 John Havlicek
66%
Raptors SG 89 DeMar DeRozan
65%
Grizzlies PG 88 Mike Conley
65%
Hawks C 92 Dikembe Mutombo
64%
Magic PF 93 Dwight Howard
64%
Hawks PF 95 Bob Pettit
63%
Nets C 87 Brook Lopez
63%
Thunder/Sonics C 90 Shawn Kemp
63%
Rockets C 92 Yao Ming
63%
Warriors PF 95 Rick Barry
62%
Nuggets SF 93 Alex English
61%
Suns C 92 Amar’e Stoudemire
61%
Kings PF 93 Chris Webber
61%
Knicks PG 97 Walt Frazier
61%
Pistons SG 93 Joe Dumars
59%
Clippers C 94 Bob McAdoo
58%
Cavaliers PG 93 Mark Price
57%
Bulls C 93 Artis Gilmore
56%
Nets PF 88 Buck Williams
52%
Warriors SF 94 Chris Mullin
52%
Magic SF 86 Grant Hill
51%
Pistons SF 93 Grant Hill
51%
Jazz SG 95 Pete Maravich
51%
Wizards SG 93 Gilbert Arenas
49%
Trail Blazers PF 89 LaMarcus Aldridge
49%
Knicks PF 94 Willis Reed
49%
Bucks SG 93 Sidney Moncrief
46%
Hornets SF 90 Glen Rice
45%
Cavaliers C 88 Zydrunas Ilgauskas
45%
Wizards C 96 Elvin Hayes
44%
Kings SF 88 Peja Stojakovic
44%
Suns SF 91 Shawn Marion
42%
Jazz SF 92 Adrian Dantley
39%
Trail Blazers SG 92 Brandon Roy
39%
Jazz C 89 Mark Eaton
39%
Timberwolves PG 88 Sam Cassell
39%
Hornets SG 89 Eddie Jones
36%
76ers PG 86 Maurice Cheeks
36%
Wizards SF 88 Caron Butler
35%
Pistons C 93 Bob Lanier
34%
Mavericks SF 88 Mark Aguirre
34%
Pacers SF 88 Danny Granger
33%
Pacers C 87 Rik Smits
33%
Clippers SF 90 Elton Brand
32%
Cavaliers PF 90 Brad Daugherty
29%
Nuggets PG 92 Fat Lever
29%
Kings SG 94 Mitch Richmond
26%
Kings C 95 Jerry Lucas
25%
Mavericks SG 88 Rolando Blackman
25%
Timberwolves SG 85 Wally Szczerbiak
24%
Nets SG 90 Drazen Petrovic
23%
Pelicans SF 86 Jrue Holiday
23%
Wizards PF 87 Antawn Jamison
20%
Grizzlies SF 86 Shareef Abdur-Rahim
20%
Suns PF 89 Tom Chambers
20%
Mavericks PG 89 Derek Harper
19%
Hawks PG 91 Lou Hudson
18%
Pacers PG 89 Freddie Lewis
17%
Nuggets C 92 Dan Issel
16%
Pelicans PF 89 Jamal Mashburn
13%
Knicks SG 92 Richie Guerin
13%
Hawks SG 91 Cliff Hagan
12%
Mavericks C 85 James Donaldson
11%
Timberwolves SF 88 Tom Gugliotta
8%
No matching quizzes found
Score Distribution
Percent of People with Each Score
Percentile by Number Answered
Your Score History
You have not taken this quiz